Teoría de la Hacienda Pública / (Registro nro. 7696)
[ vista simple ]
| 000 -LEADER | |
|---|---|
| fixed length control field | 01164nam a2200253Ia 4500 |
| 003 - CONTROL NUMBER IDENTIFIER | |
| control field | OSt |
| 005 - DATE AND TIME OF LATEST TRANSACTION | |
| control field | 20210422121425.0 |
| 008 - FIXED-LENGTH DATA ELEMENTS--GENERAL INFORMATION | |
| fixed length control field | 210310s1968 sp ad gr 001 0 spa d |
| 040 ## - CATALOGING SOURCE | |
| Original cataloging agency | CO-JMCR |
| Transcribing agency | CO-JMCR |
| 041 1# - LANGUAGE CODE | |
| Language code of text/sound track or separate title | spa |
| Language code of original | eng |
| 082 04 - DEWEY DECIMAL CLASSIFICATION NUMBER | |
| Classification number | 336 / |
| Item number | M987t |
| Edition number | 23 |
| 100 1# - MAIN ENTRY--PERSONAL NAME | |
| Personal name | Musgrave, Richard Abel, |
| 9 (RLIN) | 15184 |
| Relator term | autor |
| 245 10 - TITLE STATEMENT | |
| Title | Teoría de la Hacienda Pública / |
| Remainder of title | Richar A. Musgrave ; traducción del inglés por José María Lozano Irueste |
| 260 ## - PUBLICATION, DISTRIBUTION, ETC. | |
| Place of publication, distribution, etc. | Madrid : |
| Name of publisher, distributor, etc. | Aguilar, |
| Date of publication, distribution, etc. | 1968 |
| 300 ## - PHYSICAL DESCRIPTION | |
| Other physical details | lxxxiv, 668 páginas : |
| Extent | ilustraciones y gráficos a blanco y negro ; |
| Dimensions | 21 cm. |
| 490 0# - SERIES STATEMENT | |
| Series statement | Biblioteca de Ciencias Sociales. Economía ; |
| Volume/sequential designation | 1 |
| 500 ## - GENERAL NOTE | |
| General note | Incluye notas a pie de página e índices de autores y de materias.<br/>Título original: The Theory of Public Finance<br/> |
| 505 0# - FORMATTED CONTENTS NOTE | |
| Formatted contents note | Exposición de materias -- La satisfacción de las necesidades públicas -- Ajustes a la política presupuestaria. Aspectos clásicos -- La hacienda compensatoria |
| 546 ## - LANGUAGE NOTE | |
| Language note | Traducido del inglés. |
| 650 14 - SUBJECT ADDED ENTRY--TOPICAL TERM | |
| Topical term or geographic name entry element | Hacienda pública |
| 9 (RLIN) | 15186 |
| 650 14 - SUBJECT ADDED ENTRY--TOPICAL TERM | |
| Topical term or geographic name entry element | Hacienda pública |
| General subdivision | Teorías |
| 9 (RLIN) | 37045 |
| 700 1# - ADDED ENTRY--PERSONAL NAME | |
| Personal name | Lozano Irueste, José María, |
| Relator term | traductor |
| 9 (RLIN) | 37046 |
| 942 ## - ADDED ENTRY ELEMENTS (KOHA) | |
| Source of classification or shelving scheme | Dewey Decimal Classification |
| Koha item type | Books |
| Withdrawn status | Lost status | Source of classification or shelving scheme | Damaged status | Not for loan | Collection code | Home library | Current library | Date acquired | Source of acquisition | Full call number | Barcode | Date last seen | Copy number | Koha item type |
|---|---|---|---|---|---|---|---|---|---|---|---|---|---|---|
| Dewey Decimal Classification | Non-fiction | Biblioteca Pública José María del Castillo y Rada | Biblioteca Pública José María del Castillo y Rada | 04/15/2018 | Donación | 336 / M987t | 430003822 | 05/16/2024 | Ej.1 | Books |